01102nam a2200253 i 4500003000500000005001700005007000300022008004100025090001900066100003000085245017000115264007000285300001600355502009000371700003200461700003300493720003300526720004700559720004100606720004100647942001500688952012800703999001700831CSPC20231123141331.0ta231123s2021 ph a m 000 0 eng  aUTH BSOA B139p aBacudio, Nancy T.dauthor aParents' attitude towards education of Bachelor of Science in Office Administration students in Camarines Sur Polytechnic Colleges - Buhi Campus / cNancy T. Bacudio aBuhi, Camarines Sur :bCamarines Sur Polytechnic Colleges,c2021. a83 leaves : aUndergraduate Theses (BSOA) Office AdministrationcCamarines Sur Polytechnic Colleges aColina, Michael C.eauthor. aDacara, Jennifer G.eauthor. aInfante, Leonisa O.eauthor. aOliveros, Rosanna B.epanelist chairperson aLagatic, Alyssa DL.epanelist member aEscolano, Emilda E.epanelist member 2ddcn0cUM 00102ddc4071aBUHIbBUHIcUTHd2023-11-23l0oUTH BSOA B139p 2021p00048UM-BUHr2023-11-23 00:00:00t1-1w2023-11-23yUM c26599d26599